| 000 | 00386nam a2200133Ia 4500 | ||
|---|---|---|---|
| 005 | 20260328104316.0 | ||
| 008 | 260328s9999||||xx |||||||||||||| ||und|| | ||
| 100 | _aVergara, Francisco | ||
| 245 | 0 |
_aEl Lote 9x18, en la encrucijada habitacional de hoy . / _cFrancisco Vergara |
|
| 260 | _bPontificia Universidad Católica de Chile | ||
| 300 | _a146 p. | ||
| 650 | _aCHILE | ||
| 942 | _cBK | ||
| 999 |
_c11177 _d11177 |
||